Devinez le Pays Mystère #148 - Statistiques

Statistiques générales
  • Ce quiz a été pris 276 fois
  • Le résultat moyen est 11 sur 17
Statistiques - réponses
Type de Réponse Réponse % Correct
Lettre Trouvée A
97%
Lettre Trouvée E
94%
Lettre Trouvée R
88%
Lettre Trouvée N
86%
Lettre Trouvée M
83%
Lettre Bien Placée A
75%
Lettre Trouvée A
74%
Lettre Bien Placée N
63%
Lettre Trouvée D
60%
Lettre Bien Placée A
58%
Lettre Bien Placée M
58%
Lettre Trouvée K
57%
Lettre Bien Placée E
55%
Lettre Bien Placée D
50%
Pays Mystère Danemark
50%
Lettre Bien Placée K
50%
Lettre Bien Placée R
50%
Aucun quiz correspondant
Distribution des résultats
% des personnes avec chaque résultat
Percentile par nombre de réponses
Votre historique - résultats
Vous n’avez pas pris ce quiz